000 00350nam a2200121Ia 4500
008 231120s2020 xx 000 0 und d
041 _aeng
082 _a743.73
100 _aMARRY WOODIN
245 _a10 STEP DRAWING FLOWERS DRAW 75 FLOWERS IN 10 EASY STEPS
260 _aMARK SEARLE SEARCH PRESS
_bMARK SEARLE SEARCH PRESS
_c2020
300 _aP-128
999 _c933320
_d933320